000 00709nam a2200241Ia 4500
003 OSt
005 20220923215603.0
006 a|||||r|||| 00| 0
007 ta
008 220922b |||||||| |||| 00| 0 hin d
024 _a180,046
037 _cTextual
040 _aARTS
_cARTS
_bhin
041 _2hin
_ahin
082 _aO152,1J58:g, K6
100 _aदशरथ राज
245 0 _aरसखान और उनका काव्य
246 _aRasakhān aur unakā kāvya
260 _aआगरा
_b रंजन प्रकाशन
_c1966
300 _a98 पृ.
_ccm.
942 _hO152,1J58:g, K6
_cTEXL
_2CC
999 _c333427
_d333427